Statistics for Countries to have won the most Academy Awards for best Foreign Film

Click here to take the quiz!

General Stats

  • This quiz has been taken 458 times
  • The average score is 9 of 13

Answer Stats

Number of Academy AwardsCountry% Correct
12France
99%
14Italy
93%
4Spain
93%
2Germany
91%
4Japan
90%
3Sweden
84%
3Denmark
71%
3Netherlands
69%
2Argentina
68%
2Austria
67%
2Switzerland
58%
3Soviet Union
28%
2Czechoslovakia
19%

Score Distribution

Percentile by Number Answered

Percent of People with Each Score

Your Score History

You have not taken this quiz